Los Instrumentos Jurd̕icos de la Polt̕ica Energťica

Bibliographic Details
Main Author: Biebrich Torres, Carlos Armando
Other Authors: Spn̕dola Yę̀z, Alejandro
Format: eBook
Language:Spanish
Published: Ciudad de Mx̌ico: Cm̀ara de Diputados, 2008
Subjects:
Online Access:Acceso restringido

MARC

LEADER 00000nam a22000007a 4500
005 20180220210121.0
007 cr|||| ||||
008 180220s2008 mx |||||s||||f00||0 spa d
020 |a 978-970-95612-0-3 
035 |a 20897 
040 |a vLex 
090 |c 7374  |d 7374 
100 1 |a Biebrich Torres, Carlos Armando 
245 1 3 |a Los Instrumentos Jurd̕icos de la Polt̕ica Energťica  |h [Recurso electrn̤ico] /  |c Carlos Armando Biebrich Torres, Alejandro Spn̕dola Yę̀z 
256 |a Servicio en ln̕ea 
260 |a Ciudad de Mx̌ico:  |b Cm̀ara de Diputados,  |c 2008 
300 |a 1 recurso electrn̤ico 
506 1 |a Disponible solo en los productos indicados  |d vLex Global  |d vLex Global (Academic Edition, excluding Law Schools)  |d vLex Global (U.S. Academic Edition, Law Schools)  |d vLex Global (U.S. Academic Edition, excluding Law Schools)  |d vLex Global (Academic Edition, Law Schools) 
650 |z Mx̌ico  |a Derecho Pb︢lico y Administrativo 
650 |a Energa̕  |z Mx̌ico 
700 1 |a Spn̕dola Yę̀z, Alejandro 
740 0 |a vLex Libros (Servicio en ln̕ea) 
856 4 0 |u http://vlex.com/source/instrumentos-juridicos-de-la-politica-energetica-20897  |z Acceso restringido 
942 |c BOOK 
999 0 |a Public and Administrative Law 
999 0 |a Energy